Leyes, reglamentos y jurisprudencia del trabajo textos actualizados y anotados

Guardado en:
Detalles Bibliográficos
Autor principal: Fernández Madrid, Juan Carlos
Otros Autores: Argentina [Leyes, etc.]
Formato: Desconocido
Lenguaje:Español
Publicado: Buenos Aires : Ediciones Contabilidad Moderna 1968
Aporte de:Registro referencial: Solicitar el recurso aquí
LEADER 00645 a2200205 4500
001 39721
005 20260407155654.0
008 260407a1968 arg spa d
003 AR-UNSa-BCEJYS
040 |a AR-UNSa-BCEJYS  |b spa  |c AR-UNSa-BCEJYS 
080 |a 349.2  |x Derecho del Trabajo 
245 1 0 |a Leyes, reglamentos y jurisprudencia del trabajo  |p textos actualizados y anotados 
264 1 |a Buenos Aires :  |b Ediciones Contabilidad Moderna  |c 1968 
300 |a 585 p.  |c 26 cm. 
041 |a spa 
942 |c BK 
590 |a niveau_biblio:m niveau_hierar:0 
100 1 |a Fernández Madrid, Juan Carlos 
700 1 |a Argentina [Leyes, etc.] 
999 |c 3102  |d 3102